[Event "Karl Mala Memorial op-B 16th"]
[Site "Frankfurt"]
[Date "2013.07.12"]
[Round "2"]
[White "Miketta, Bernd"]
[Black "Weber, Samuel"]
[Result "1/2-1/2"]
[WhiteElo "1436"]
[BlackElo "1703"]
[PlyCount "57"]
[EventDate "2013.07.11"]
[EventType "swiss"]
[EventRounds "7"]
[EventCountry "GER"]
[SourceTitle "CBM 155 Extra"]
[Source "ChessBase"]
[SourceDate "2013.08.26"]
[SourceVersion "1"]
[SourceVersionDate "2013.08.26"]
[SourceQuality "1"]

1. f4 c5 2. Nf3 Nf6 3. g3 Nc6 4. Bg2 d5 5. 0-0 Bf5 6. d3 g6 7. Ne5 Nxe5 8. fxe5 Ng4 9. c4 Bg7 10. cxd5 Bxe5 11. e3 h5 12. Be4 Bxe4 13. dxe4 Qc7 14. Qf3 0-0-0 15. Na3 Rdf8 16. Nc4 f5 17. Bd2 h4 18. Bc3 Bxc3 19. bxc3 hxg3 20. hxg3 Rh3 21. d6 exd6 22. exf5 d5 23. Kg2 Rh2+ 24. Kg1 gxf5 25. Qxg4 Rh1+ 26. Kg2 Rxf1 27. Rxf1 dxc4 28. Rxf5 Qc6+ 29. e4 1/2-1/2

[Event "Eschborn op 08th"]
[Site "Eschborn"]
[Date "2011.05.18"]
[Round "5"]
[White "Miketta, Bernd"]
[Black "Wilke, Tabea"]
[Result "0-1"]
[WhiteElo "1474"]
[BlackElo "1079"]
[PlyCount "156"]
[EventDate "2011.05.13"]
[EventType "swiss"]
[EventRounds "5"]
[EventCountry "GER"]
[SourceTitle "EXT 2014"]
[Source "ChessBase"]
[SourceDate "2013.11.20"]
[SourceVersion "1"]
[SourceVersionDate "2013.11.20"]
[SourceQuality "1"]

1. f4 e6 2. Nf3 d5 3. e3 Nf6 4. c3 Be7 5. Qa4+ Bd7 6. Qb3 Qc8 7. Be2 0-0 8. Na3 a6 9. Nc2 Nc6 10. a4 Ne4 11. d4 Na5 12. Qa2 b6 13. 0-0 Nb7 14. Bd3 Nf6 15. Ne5 c5 16. b3 Qc7 17. Nxd7 Qxd7 18. f5 Ne4 19. Bxe4 dxe4 20. fxe6 Qxe6 21. b4 c4 22. Ba3 b5 23. Rad1 Qd5 24. a5 Bd6 25. Ne1 Qh5 26. Rd2 Bxh2+ 27. Kf2 Qf5+ 28. Ke2 Qg4+ 29. Rf3 exf3+ 30. gxf3 Qe6 31. Kd1 Qxe3 32. Rxh2 Rae8 33. Qd2 Qxd2+ 34. Kxd2 Re6 35. Re2 Rfe8 36. Rxe6 Rxe6 37. Ng2 Nd6 38. Nf4 Rf6 39. Ke3 Nf5+ 40. Kf2 Rd6 41. Ne2 h6 42. Bc1 Kh7 43. Bf4 Rg6 44. d5 Nd6 45. Ke3 h5 46. Kd4 Nb7 47. Bc7 h4 48. Nf4 Rh6 49. Nh3 Rg6 50. f4 Rg3 51. Ng5+ Kg6 52. d6 Kf5 53. Kd5 Rxc3 54. d7 Rd3+ 55. Kc6 Rxd7 56. Kxd7 c3 57. Be5 c2 58. Bb2 f6 59. Nh3 Kg4 60. Ng1 f5 61. Bc1 Kg3 62. Be3 Kg2 63. Kc7 c1Q+ 64. Bxc1 Kxg1 65. Kxb7 h3 66. Kxa6 h2 67. Be3+ Kf1 68. Kxb5 h1Q 69. a6 Qa8 70. a7 Ke2 71. Bc5 Kf3 72. Ka6 Qc6+ 73. Bb6 Qc8+ 74. Ka5 Qb7 75. b5 Kxf4 76. Kb4 Ke4 77. Kc5 f4 78. Kd6 Qxb6+ 0-1

[Event "Eschborn op 08th"]
[Site "Eschborn"]
[Date "2011.05.14"]
[Round "2"]
[White "Juhnke, Peter"]
[Black "Miketta, Bernd"]
[Result "1-0"]
[WhiteElo "1921"]
[BlackElo "1474"]
[PlyCount "77"]
[EventDate "2011.05.13"]
[EventType "swiss"]
[EventRounds "5"]
[EventCountry "GER"]
[SourceTitle "EXT 2014"]
[Source "ChessBase"]
[SourceDate "2013.11.20"]
[SourceVersion "1"]
[SourceVersionDate "2013.11.20"]
[SourceQuality "1"]

1. d4 Nf6 2. Bg5 e6 3. e3 c6 4. Nf3 h6 5. Bh4 g5 6. Bg3 Ne4 7. Bd3 Nxg3 8. hxg3 d6 9. c4 Qa5+ 10. Nc3 g4 11. Nd2 e5 12. d5 f5 13. e4 f4 14. gxf4 exf4 15. e5 dxe5 16. Bg6+ Ke7 17. Nde4 cxd5 18. cxd5 Rg8 19. Bh5 Bf5 20. 0-0 Nd7 21. Qb3 Kd8 22. d6 Rg7 23. Qxb7 Rb8 24. Qc6 Qb6 25. Qd5 g3 26. Kh1 Qd4 27. Qa5+ Nb6 28. Rad1 Qc4 29. Qxe5 Qe6 30. Qxf4 Nd7 31. fxg3 Rxb2 32. Qxf5 Qxf5 33. Rxf5 Rc2 34. Ra5 Nb6 35. Re5 Kd7 36. Re8 Rxg3 37. Nxg3 Rxc3 38. Ne4 Bg7 39. Re7+ 1-0

[Event "Eschborn op 08th"]
[Site "Eschborn"]
[Date "2011.05.14"]
[Round "3"]
[White "Miketta, Bernd"]
[Black "Busch, Silvan"]
[Result "0-1"]
[WhiteElo "1474"]
[BlackElo "1051"]
[PlyCount "38"]
[EventDate "2011.05.13"]
[EventType "swiss"]
[EventRounds "5"]
[EventCountry "GER"]
[SourceTitle "EXT 2014"]
[Source "ChessBase"]
[SourceDate "2013.11.20"]
[SourceVersion "1"]
[SourceVersionDate "2013.11.20"]
[SourceQuality "1"]

1. d4 Nc6 2. Nf3 d5 3. Bf4 Bf5 4. Qd2 e6 5. Ne5 Nb4 6. Na3 Nf6 7. c3 Nc6 8. Nxc6 bxc6 9. g4 Bg6 10. b4 a5 11. Nc2 axb4 12. Nxb4 Bxb4 13. cxb4 Rb8 14. h4 h5 15. g5 Nd7 16. e3 Qe7 17. a3 e5 18. Bh3 exf4 19. Bxd7+ Kxd7 0-1

[Event "Main Vogelsberg op 4th"]
[Site "Heusenstamm"]
[Date "2009.05.02"]
[Round "4"]
[White "Dapprich, Maximilian"]
[Black "Miketta, Bernd"]
[Result "1-0"]
[WhiteElo "1941"]
[BlackElo "1417"]
[PlyCount "101"]
[EventDate "2009.04.30"]
[EventType "swiss"]
[EventRounds "7"]
[EventCountry "GER"]
[SourceTitle "CBM 130 Extra"]
[Source "ChessBase"]
[SourceDate "2009.07.02"]
[SourceVersion "2"]
[SourceVersionDate "2009.07.15"]
[SourceQuality "1"]

1. d4 Nf6 2. c4 d6 3. Nc3 g6 4. e4 Bg7 5. Nf3 0-0 6. Be2 e5 7. dxe5 dxe5 8. Qxd8 Rxd8 9. Bg5 h6 10. Bxf6 Bxf6 11. Nd5 Nd7 12. 0-0-0 Kg7 13. Nxc7 Rb8 14. Nd5 Nc5 15. Nxf6 Rxd1+ 16. Rxd1 Kxf6 17. Nxe5 Nxe4 18. f4 h5 19. Rd8 Ke7 20. Rh8 Nf6 21. Bf3 Ne8 22. Rh7 Be6 23. Nxg6+ Kf6 24. Ne5 Ng7 25. Bd5 Re8 26. Rh6+ Kf5 27. Nxf7 Bxf7 28. Bxf7 Re7 29. Bd5 Kxf4 30. Rf6+ Ke5 31. Rf7 Rxf7 32. Bxf7 h4 33. Kd2 Kf4 34. Kd3 Nf5 35. b4 b6 36. Bd5 Ke5 37. Bf3 Nd4 38. c5 h3 39. c6 hxg2 40. Bxg2 Ne6 41. Kc4 Kd6 42. Bh3 Nd8 43. Bd7 Nf7 44. Kb5 Kc7 45. Ka6 Kb8 46. a4 Nd6 47. h4 Nf7 48. a5 Nd8 49. axb6 axb6 50. Kxb6 Nb7 51. c7+ 1-0

[Event "Main Vogelsberg op 4th"]
[Site "Heusenstamm"]
[Date "2009.05.01"]
[Round "3"]
[White "Miketta, Bernd"]
[Black "Tran, My Linh"]
[Result "0-1"]
[WhiteElo "1417"]
[BlackElo "1813"]
[PlyCount "58"]
[EventDate "2009.04.30"]
[EventType "swiss"]
[EventRounds "7"]
[EventCountry "GER"]
[SourceTitle "CBM 130 Extra"]
[Source "ChessBase"]
[SourceDate "2009.07.02"]
[SourceVersion "2"]
[SourceVersionDate "2009.07.15"]
[SourceQuality "1"]

1. f4 d5 2. Nf3 Nf6 3. e3 g6 4. c3 Bg7 5. Be2 Bg4 6. 0-0 c6 7. d4 Nbd7 8. Nbd2 Qc7 9. Qe1 Nb6 10. b3 Nc8 11. h3 Bd7 12. Ne5 Nd6 13. Ba3 Nf5 14. Bg4 h5 15. Bxf5 Bxf5 16. Nef3 0-0 17. Nh4 Bd3 18. Rf3 Ne4 19. Nxe4 Bxe4 20. Rg3 Bf6 21. Nf3 h4 22. Rg5 Bxf3 23. Qxh4 Be4 24. Rf1 Bxg5 25. Qxg5 f6 26. Qh4 Kg7 27. g4 Rh8 28. Qg3 Rae8 29. Kf2 Qa5 0-1